| Tag |
First Indicator |
Second Indicator |
Subfields |
| LEADER |
00000cam a22000008a 4500 |
| 001 |
in00000078828 |
| 005 |
20151008053933.0 |
| 008 |
810925s1981 ne b 00110 eng |
| 010 |
|
|
|a 81016810
|
| 020 |
|
|
|a 0444863117 (Elsevier North-Holland)
|
| 035 |
|
|
|a (OCoLC)07875233
|
| 035 |
|
|
|9 AAH9123AM
|
| 039 |
0 |
|
|a 2
|b 3
|c 3
|d 3
|e 3
|
| 040 |
|
|
|a DLC
|c DLC
|d TXA
|d UtOrBLW
|
| 049 |
|
|
|a TXAM
|c [1672112]
|
| 050 |
0 |
0 |
|a P204
|b .M3
|
| 082 |
0 |
|
|a 415
|2 19
|
| 100 |
1 |
|
|a Mallinson, Graham,
|d 1947-
|
| 245 |
1 |
0 |
|a Language typology :
|b cross-linguistic studies in syntax /
|c Graham Mallinson, Barry J. Blake.
|
| 263 |
|
|
|a 8111
|
| 264 |
|
1 |
|a Amsterdam [Netherlands] ;
|a New York :
|b North-Holland Pub. Co. ;
|c [1981]
|
| 264 |
|
2 |
|a New York :
|b Sole distributors for the U.S.A. and Canada, Elsevier North-Holland,
|
| 264 |
|
4 |
|c ©1981
|
| 300 |
|
|
|a xvii, 486 pages ;
|c 24 cm.
|
| 336 |
|
|
|a text
|b txt
|2 rdacontent
|
| 337 |
|
|
|a unmediated
|b n
|2 rdamedia
|
| 338 |
|
|
|a volume
|b nc
|2 rdacarrier
|
| 490 |
1 |
|
|a North-Holland linguistic series ;
|v 46
|
| 500 |
|
|
|a Includes indexes.
|
| 504 |
|
|
|a Bibliography: pages 449-470.
|
| 650 |
|
0 |
|a Typology (Linguistics)
|
| 650 |
|
0 |
|a Grammar, Comparative and general
|x Syntax.
|
| 700 |
1 |
|
|a Blake, Barry J.
|
| 830 |
|
0 |
|a North-Holland linguistic series ;
|v 46.
|
| 999 |
|
|
|a MARS
|
| 999 |
f |
f |
|s 22d8c06f-13d6-3d39-9710-4409c239ac5d
|i e09de36c-2d1e-3b31-9749-b60901f0145b
|t 0
|
| 952 |
f |
f |
|p ric
|a Texas A&M University
|b Rellis Campus
|c Joint Library Facility
|s JLF
|d Remote Storage
|t 0
|e P204 .M3
|h Library of Congress classification
|i unmediated -- volume
|m A14806172331
|
| 998 |
f |
f |
|a P204 .M3
|t 0
|l Remote Storage
|